| 000 | 02549nam0a2200397 4500 | ||
|---|---|---|---|
| 001 | RU\NLR\BIBL_A\022781839 | ||
| 005 | 20260426080823.0 | ||
| 010 |
_a978-5-19-012383-8 _9200 |
||
| 035 | _a(NLR Aleph) 022781839 | ||
| 090 |
_a13697216 _c13697216 |
||
| 100 | _a20260410d2026 u y0rusy50 ca | ||
| 101 | 0 | _arus | |
| 102 | _aRU | ||
| 105 | _aac j 000yy | ||
| 181 | 0 |
_ai _baxxe |
|
| 182 | 0 | _an | |
| 200 | 1 |
_aСеминары по физике частиц и атомного ядра _eучебное пособие _eдля студентов II-III курсов соответствует разделу "Физика частиц и автономного края" физических специальностей вузов _fБ. С. Ишханов, М. Е. Степанов, Т. Ю. Третьякова _gМосковский государственный университет имени М. В. Ломоносова, Физический факультет, Научно-исследовательский институт ядерной физики имени Д. В. Скобельцына |
|
| 203 |
_aТекст _bвизуальный _cнепосредственный |
||
| 205 | _a2-е изд. | ||
| 210 |
_aМосква _cИзд-во Московского университета _d2026 (печ. 2025) |
||
| 215 |
_a303 с. _cил., портр., табл. _d24 |
||
| 225 | 1 | _aКлассический университетский учебник | |
| 300 | _aНа обл. и авантит.: 270 лет Моск. гос. ун-т им. М. В. Ломоносова | ||
| 313 | _aИзд. 2013 г. | ||
| 320 | _aБиблиогр. в тексте | ||
| 606 | 1 |
_aЭлементарные частицы _jУчебные издания для высших учебных заведений _92081744 _3RU\NLR\AUTH\661257740 |
|
| 606 | 1 |
_aАтомное ядро _jУчебные издания для высших учебных заведений _9894873 _3RU\NLR\AUTH\664109 |
|
| 686 | 1 | _aВ38я73-1 | |
| 700 | 1 |
_aИшханов _bБ. С. _f1938-2020 _gБорис Саркисович |
|
| 701 | 1 |
_aСтепанов _bМ. Е. _cканд. физ.-мат. наук _f1965- _gМихаил Евгеньевич _9271115 _3RU\NLR\AUTH\770271171 |
|
| 701 | 1 |
_aТретьякова _bТ. Ю. _gТатьяна Юрьевна |
|
| 942 | _cBOOK | ||
| 980 | _aNB | ||